Countries Closest to Serbia- 1 Minute Sprint - Statistics

General Stats
  • This quiz has been taken 25 times
  • The average score is 24 of 53
Answer Stats
Hint Answer % Correct
Europe Croatia
100%
Europe Bosnia&Herzegovina
94%
Europe Hungary
94%
Europe North Macedonia
94%
Europe Romania
94%
Europe Bulgaria
89%
Europe Greece
89%
Europe Albania
83%
Europe Kosovo
83%
Europe Montenegro
83%
Europe Slovenia
83%
Europe/Asia Turkey
78%
Europe Italy
72%
Europe Slovakia
72%
Europe Austria
67%
Europe Germany
67%
Europe/Asia Russia
67%
Europe Ukraine
67%
Europe United Kingdom
67%
Europe Moldova
61%
Europe Switzerland
56%
Europe Belarus
50%
Europe Czechia
44%
Europe France
44%
Europe Poland
44%
Europe San Marino
44%
Europe Vatican City
44%
Europe Liechtenstein
33%
Asia Cyprus
28%
Europe Andorra
22%
Asia Armenia
22%
Europe Denmark
22%
Africa Egypt
22%
Europe Latvia
22%
Europe Latvia
22%
Asia Lebanon
22%
Europe Lithuania
22%
Europe Malta
22%
Europe Netherlands
22%
Europe Spain
22%
Europe Belgium
17%
Asia Georgia
17%
Asia Israel
17%
Africa Libya
17%
Europe Luxembourg
17%
Europe Sweden
11%
Africa Tunisia
11%
Africa Algeria
6%
Asia Iraq
6%
Asia Syria
6%
Asia Jordan
0%
Asia Palestine
0%
Asia Saudi Arabia
0%
No matching quizzes found
Score Distribution
Percent of People with Each Score
Percentile by Number Answered
Your Score History
You have not taken this quiz